|
|
|
|
| LEADER |
00000nam a2200000 i 4500 |
| 001 |
1/79838 |
| 008 |
970224s1983 gre d |
| 035 |
|
|
|a 1989
|b 2
|c Δωρεά
|l 10033285
|
| 040 |
|
|
|a GR-MY-UA
|b gre
|e aacr
|
| 041 |
0 |
|
|a gre
|
| 082 |
0 |
|
|a 372.66
|
| 100 |
1 |
|
|a Άλκηστις.
|
| 245 |
1 |
2 |
|a Η δραματοποίηση για παιδιά /
|c Αλκηστις
|
| 260 |
|
|
|a Αθήνα :
|b Αλκηστις,
|c [1983]
|
| 300 |
|
|
|a 97 σ.
|
| 650 |
0 |
0 |
|a Drama in education.
|
| 650 |
0 |
0 |
|a Theater
|x Study and teaching (Primary)
|
| 650 |
0 |
0 |
|a Drama
|x Study and teaching (Primary)
|
| 852 |
|
|
|a INST
|b RHODES
|e 19970224
|h 372.66 ΑΛΚ
|p 005400003066
|q 005400003066
|t BK
|y 620
|
| 909 |
|
|
|a Ρ
|b 014719
|c 1989
|